000 00596nam a2200241Ia 4500
003 OSt
005 20220918185111.0
006 a|||||r|||| 00| 0
007 ta
008 220917b |||||||| |||| 00| 0 eng d
024 _a49,562
037 _cTextual
040 _aARTS
_cARTS
_beng
041 _2eng
_aeng
082 _aP:7, K5
100 _aHalverson John
_967769
245 0 _aPrinciples of writing
260 _c1965
650 _aLINGUISTICS
700 _a cooley Mason
_967770
942 _hP:7, K5
_cTEXL
_2CC
999 _c179184
_d179184